00790cam a2200241 a 4500001000500000005001700005020001800022040001800040050002000058082001100078100002600089245007800115250002100193260003400214300004700248505000800295520012600303521002000429521002000449650002200469650002200491700003500513268420240111133335.0 a9780516270777 aDLCcDLCbeng00aPZ73.P43b 200000a463.211 aPearson, MaryqMary E10aWhere is Max? /cby Mary E. Pearson ; illustrated by Samanatha L. Walker. aPrinted in China aNew York :bScholastic,c2000 a23 pages :bcolor illustrations ; c19 cm. aC  aWhen the class gerbil escapes from his cage, the children look everywhere for it and find a way to get it to return home. a140 bLexile  aC bRaz-Plus  1aGerbilsvFiction. 1aSchoolsvFiction.1 aWalker, Samanthaeillustrator